Pythonic AI (Record no. 312614)
[ view plain ]
| 000 -LEADER | |
|---|---|
| fixed length control field | 00294 a2200133 4500 |
| 000 - LEADER | |
| fixed length control field | nam a22 7a 4500 |
| 100 ## - MAIN ENTRY--PERSONAL NAME | |
| Personal name | Banerjee, Arindam |
| 110 ## - MAIN ENTRY--CORPORATE NAME | |
| Corporate name or jurisdiction name as entry element | Banerjee, Arindam |
| 245 ## - TITLE STATEMENT | |
| Title | Pythonic AI |
| 250 ## - EDITION STATEMENT | |
| Edition statement | Latest edition |
| 260 ## - PUBLICATION, DISTRIBUTION, ETC. | |
| Name of publisher, distributor, etc. | BPB |
| Date of publication, distribution, etc. | 2023 |
| 264 ## - PRODUCTION, PUBLICATION, DISTRIBUTION, MANUFACTURE, AND COPYRIGHT NOTICE | |
| Name of producer, publisher, distributor, manufacturer | BPB |
| Date of production, publication, distribution, manufacture, or copyright notice | 2023 |
| 942 ## - ADDED ENTRY ELEMENTS (KOHA) | |
| Koha item type | Books |
| Date last seen | Total checkouts | Barcode | Date last checked out | Cost, replacement price | Price effective from | Koha item type | Lost status | Source of classification or shelving scheme | Damaged status | Not for loan | Withdrawn status | Home library | Current library | Date acquired | Source of acquisition | Cost, normal purchase price |
|---|---|---|---|---|---|---|---|---|---|---|---|---|---|---|---|---|
| 04/03/2025 | 3 | 440165 | 18/02/2025 | 899.00 | 05/03/2024 | Books | Dewey Decimal Classification | VIVEKANANDA LIBRARY | VIVEKANANDA LIBRARY | 05/03/2024 | 3 | 674.25 | ||||
| 10/09/2024 | 2 | 440164 | 22/08/2024 | 899.00 | 05/03/2024 | Books | Dewey Decimal Classification | VIVEKANANDA LIBRARY | VIVEKANANDA LIBRARY | 05/03/2024 | 3 | 674.25 |
